| 000 | 00721nam a2200289Ia 4500 | ||
|---|---|---|---|
| 001 | 104 | ||
| 005 | 20240113233355.0 | ||
| 007 | ta | ||
| 008 | 041127s1987 a g b000 u eng u | ||
| 020 | _cPB | ||
| 040 | _aCotton College Assam | ||
| 041 | _aeng | ||
| 082 |
_a581.3 _bEd 54 Fu |
||
| 100 | _aJ.B. , Edmond . | ||
| 245 | 0 |
_aFundamentals of Horticulture / _cJ.B. Edmond... (et al). _hTextual Documents |
|
| 250 | _a4th ed. / | ||
| 260 |
_aNew Delhi : _bTata McGraw Hill , _c1987. |
||
| 300 |
_a560p. : _bill ; _c22cm . |
||
| 504 | _aIndex | ||
| 653 | _aBotany | ||
| 653 | _aHorticulture | ||
| 942 |
_2ddc _cBK |
||
| 999 |
_c104 _d104 |
||